Statistics for All Teams In Europe's Top Divisions

Click here to take the quiz!

General Stats

  • This quiz has been taken 34 times
  • The average score is 187 of 734

Answer Stats

COUNTRYClub% Correct
PortugalFC Porto
100%
EnglandArsenal FC
95%
FranceAS Monaco
95%
GermanyBayer 04 Leverkusen
95%
GermanyBayern München
95%
MontenegroFK Arsenal Tivat
95%
EnglandLiverpool FC
95%
EnglandManchester City
95%
EnglandManchester United
95%
FranceOlympique Lyon
95%
FranceOlympique Marseille
95%
FranceParis Saint-Germain
95%
PortugalSL Benfica
95%
NetherlandsSparta Rotterdam
95%
GermanyVfL Wolfsburg
95%
ItalyAC Milan
90%
NetherlandsAFC Ajax
90%
EnglandAston Villa
90%
SpainAtlético Madrid
90%
GermanyBorussia Dortmund
90%
EnglandChelsea FC
90%
EnglandCrystal Palace
90%
EnglandEverton FC
90%
SpainFC Barcelona
90%
ItalyInternazionale
90%
ItalyJuventus FC
90%
FranceLOSC Lille
90%
NetherlandsPSV Eindhoven
90%
ScotlandRangers FC
90%
SpainReal Madrid
90%
PortugalSporting CP
90%
EnglandTottenham Hotspur
90%
RussiaZenit St. Petersburg
90%
Germany1.FC Union Berlin
86%
ItalyAS Roma
86%
ScotlandCeltic FC
86%
DenmarkFC Copenhagen
86%
FranceFC Nantes
86%
NetherlandsFeyenoord
86%
EnglandFulham FC
86%
EnglandNewcastle United
86%
ItalySSC Napoli
86%
SpainValencia CF
86%
GermanyWerder Bremen
86%
EnglandWest Ham United
86%
ScotlandAberdeen FC
81%
GreeceAEK Athens
81%
SpainAthletic Bilbao
81%
EnglandBrighton & Hove Albion
81%
EnglandBurnley FC
81%
UkraineDynamo Kyiv
81%
GermanyEintracht Frankfurt
81%
ItalyFC Bologna
81%
FranceFC Toulouse
81%
IcelandKA Akureyri
81%
ItalyLazio Roma
81%
EnglandLuton Town
81%
SwedenMalmö FF
81%
GermanyRasenBallsport Leipzig
81%
BelgiumRoyal Antwerp FC
81%
BelgiumRSC Anderlecht
81%
SpainSevilla FC
81%
AustriaSK Rapid Wien
81%
FranceStade Rennes
81%
ItalyAtalanta Bergamo
76%
EnglandBrentford FC
76%
SwitzerlandBSC Young Boys
76%
SpainCelta de Vigo
76%
RussiaCSKA Moscow
76%
GermanyFC Augsburg
76%
RomaniaFCSB
76%
AustriaFK Austria Wien
76%
TurkeyGalatasaray SK
76%
CroatiaGNK Dinamo Zagreb
76%
FranceMontpellier HSC
76%
EnglandNottingham Forest
76%
GreeceOlympiacos Piraeus
76%
SpainReal Betis Balompié
76%
SpainReal Sociedad
76%
AustriaRed Bull Salzburg
76%
FranceRS Strasbourg Alsace
76%
PortugalSC Braga
76%
Czech RepublicSK Slavia Prague
76%
FranceStade Reims
76%
EnglandWolverhampton Wanderers
76%
Germany1.FC Köln
71%
ItalyACF Fiorentina
71%
Czech RepublicAC Sparta Prague
71%
NetherlandsAZ Alkmaar
71%
GermanyBorussia Mönchengladbach
71%
SwitzerlandFC Basel
71%
SwitzerlandFC Zürich
71%
SerbiaFK Partizan Belgrade
71%
SpainGetafe CF
71%
SpainGirona FC
71%
FinlandHJK Helsinki
71%
AlbaniaKF Tirana
71%
SpainRCD Mallorca
71%
BelgiumStandard Liège
71%
GermanyTSG 1899 Hoffenheim
71%
GermanyVfB Stuttgart
71%
SpainVillarreal CF
71%
EnglandAFC Bournemouth
67%
TurkeyBesiktas JK
67%
BelgiumClub Brugge
67%
NetherlandsFC Utrecht
67%
ItalyGenoa CFC
67%
IcelandKR Reykjavík
67%
AustriaLASK
67%
IsraelMaccabi Tel Aviv
67%
GreecePanathinaikos FC
67%
FranceRC Lens
67%
SerbiaRed Star Belgrade
67%
EnglandSheffield United
67%
AustriaSK Sturm Graz
67%
ItalyUdinese Calcio
67%
DenmarkAarhus GF
62%
CyprusAPOEL Nicosia
62%
KazakhstanAstana FK
62%
SpainCádiz CF
62%
BulgariaFC CSKA 1948 Sofia
62%
SpainGranada CF
62%
BelgiumKAA Gent
62%
FranceOGC Nice
62%
BulgariaPFC CSKA Sofia
62%
SpainRayo Vallecano
62%
RussiaRubin Kazan
62%
ItalyTorino FC
62%
SpainUD Almería
62%
SpainUD Las Palmas
62%
GermanyVfL Bochum
62%
TurkeyFenerbahçe SK
57%
HungaryFerencvárosi TC
57%
Bosnia and HerzegovinaFK Sarajevo
57%
ScotlandHeart of Midlothian FC
57%
ItalyHellas Verona
57%
BelgiumKRC Genk
57%
IsraelMaccabi Haifa
57%
GreecePAOK Thessaloniki
57%
AzerbaijanQarabağ FK
57%
LatviaRiga FC
57%
GermanySC Freiburg
57%
IrelandShamrock Rovers
57%
UkraineSK Dnipro-1
57%
SlovakiaSlovan Bratislava
57%
TurkeyTrabzonspor
57%
SwedenAIK
52%
BelarusBATE Borisov
52%
DenmarkBröndby IF
52%
RomaniaCFR Cluj
52%
GermanyDarmstadt 98
52%
ScotlandDundee FC
52%
RussiaDynamo Moscow
52%
FranceFC Lorient
52%
FranceFC Metz
52%
MoldovaFC Sheriff Tiraspol
52%
NorwayMolde FK
52%
SloveniaNK Maribor
52%
RussiaSpartak Moscow
52%
FranceStade Brestois 29
52%
ItalyUS Lecce
52%
PortugalVitória Guimarães SC
52%
Germany1.FC Heidenheim 1846
48%
NetherlandsFC Twente
48%
Czech RepublicFC Viktoria Plzeň
48%
NorwayFK Bodø/Glimt
48%
CroatiaHNK Hajduk Split
48%
FranceLe Havre AC
48%
BulgariaLudogorets Razgrad
48%
BelgiumRSC Charleroi
48%
SwitzerlandServette FC
48%
UkraineShakhtar Donetsk
48%
NorwayTromsø IL
48%
ItalyUS Sassuolo
48%
NorwayViking FK
48%
ItalyAC Monza
43%
ItalyCagliari Calcio
43%
SpainCA Osasuna
43%
IrelandCork City FC
43%
IrelandDerry City
43%
SwitzerlandFC Luzern
43%
DenmarkFC Midtjylland
43%
KosovoFC Prishtina
43%
RussiaFK Krasnodar
43%
NetherlandsHeracles Almelo
43%
ScotlandHibernian FC
43%
NorwayRosenborg BK
43%
Netherlandssc Heerenveen
43%
BelgiumUnion Saint-Gilloise
43%
NetherlandsVitesse Arnhem
43%
CyprusAEL Limassol
38%
GreeceAris Thessaloniki
38%
IsraelBeitar Jerusalem
38%
PortugalBoavista
38%
BelgiumCercle Brugge
38%
GeorgiaFC Dinamo Tbilisi
38%
ItalyFC Empoli
38%
BelarusFK Minsk
38%
PortugalGD Estoril Praia
38%
IsraelHapoel Tel Aviv
38%
PolandŁKS Łódź
38%
DenmarkOdense Boldklub
38%
PortugalRio Ave
38%
ScotlandRoss County FC
38%
TurkeyAntalyaspor
33%
SpainDeportivo Alavés
33%
BelarusDinamo Minsk
33%
NetherlandsExcelsior Rotterdam
33%
LuxembourgF91 Dudelange
33%
RomaniaFC Dinamo Bucharest
33%
DenmarkFC Nordsjaelland
33%
RussiaFK Rostov
33%
ItalyFrosinone Calcio
33%
NetherlandsGo Ahead Eagles
33%
SwedenIFK Göteborg
33%
KazakhstanKairat Almaty
33%
TurkeyKonyaspor
33%
ScotlandLivingston FC
33%
UkraineMetalist 1925 Kharkiv
33%
ScotlandMotherwell FC
33%
PolandPogon Szczecin
33%
WalesThe New Saints
33%
ItalyUS Salernitana 1919
33%
MaltaValletta FC
33%
AustriaWolfsberger AC
33%
CyprusAEK Larnaca
29%
TurkeyAlanyaspor
29%
TurkeyBasaksehir FK
29%
IrelandBohemian FC
29%
IrelandDundalk FC
29%
FinlandFC Inter Turku
29%
SwitzerlandFC Lugano
29%
SwitzerlandFC St. Gallen 1879
29%
GeorgiaFC Torpedo Kutaisi
29%
MontenegroFK Buducnost Podgorica
29%
NetherlandsFortuna Sittard
29%
TurkeyIstanbulspor
29%
ScotlandKilmarnock FC
29%
PolandLech Poznan
29%
PolandLegia Warszawa
29%
GibraltarLincoln Red Imps FC
29%
Northern IrelandLinfield FC
29%
RussiaLokomotiv Moscow
29%
TurkeyMKE Ankaragücü
29%
MaltaMosta FC
29%
NetherlandsNEC Nijmegen
29%
PolandSlask Wroclaw
29%
Faroe IslandsTB Tvøroyri
29%
BelarusTorpedo-BelAZ Zhodino
29%
Germany1.FSV Mainz 05
24%
Faroe IslandsB36 Tórshavn
24%
WalesCardiff Metropolitan University
24%
FranceClermont Foot 63
24%
SwedenDjurgårdens IF
24%
GeorgiaFC Dinamo Batumi
24%
EstoniaFC Flora Tallinn
24%
SlovakiaFC Košice
24%
RomaniaFC Rapid Bucharest
24%
GeorgiaFC Telavi
24%
RussiaFK Sochi
24%
PolandGórnik Zabrze
24%
CroatiaHNK Rijeka
24%
Faroe IslandsKÍ Klaksvík
24%
BelgiumKV Mechelen
24%
Northern IrelandLarne FC
24%
BulgariaLevski Sofia
24%
GibraltarManchester 62 FC
24%
PortugalMoreirense
24%
GreeceOFI Crete
24%
CyprusOmonia Nicosia
24%
NetherlandsPEC Zwolle
24%
TurkeySivasspor
24%
ScotlandSt. Johnstone FC
24%
ScotlandSt. Mirren FC
24%
GreeceVolos NPS
24%
AustriaWSG Tirol
24%
FinlandAC Oulu
19%
CyprusAris Limassol
19%
Czech RepublicBohemians Prague 1905
19%
PortugalCD Chaves
19%
BulgariaCherno More Varna
19%
PolandCracovia
19%
PortugalFC Arouca
19%
KosovoFC Ballkani
19%
Czech RepublicFC Baník Ostrava
19%
AustriaFC Blau-Weiss Linz
19%
PortugalFC Famalicao
19%
EstoniaFCI Levadia
19%
ArmeniaFC Pyunik Yerevan
19%
AndorraFC Santa Coloma
19%
Czech RepublicFC Slovan Liberec
19%
SwitzerlandFC Stade-Lausanne-Ouchy
19%
LuxembourgFC Victoria Rosport
19%
NetherlandsFC Volendam
19%
SwitzerlandFC Winterthur
19%
SerbiaFK Cukaricki
19%
SerbiaFK Vojvodina Novi Sad
19%
LithuaniaFK Žalgiris
19%
IsraelHapoel Be'er Sheva
19%
IsraelHapoel Haifa
19%
SwedenIFK Norrköping
19%
FinlandIlves Tampere
19%
PolandJagiellonia Bialystok
19%
BelgiumKAS Eupen
19%
TurkeyKayserispor
19%
RussiaKrylya Sovetov Samara
19%
BelgiumKV Kortrijk
19%
SlovakiaMŠK Žilina
19%
AzerbaijanNeftchi Baku
19%
SloveniaNK Olimpija Ljubljana
19%
PortugalPortimonense
19%
San MarinoSan Marino Academy
19%
PortugalSC Farense
19%
RomaniaSC Otelul Galati
19%
AustriaSC Rheindorf Altach
19%
AustriaSK Austria Klagenfurt
19%
NorwaySK Brann
19%
AustriaTSV Hartberg
19%
AndorraUE Santa Coloma
19%
HungaryÚjpest FC
19%
SwitzerlandYverdon Sport FC
19%
Czech Republic1. FC Slovácko
14%
San MarinoAC Virtus Acquaviva
14%
TurkeyAdana Demirspor
14%
NetherlandsAlmere City FC
14%
CyprusAnorthosis Famagusta
14%
CyprusApollon Limassol
14%
GreeceAsteras Tripolis
14%
GreeceAtromitos Athens
14%
SwedenBK Häcken
14%
IcelandBreiðablik
14%
PortugalCasa Pia AC
14%
TurkeyCaykur Rizespor
14%
Northern IrelandCrusaders FC
14%
HungaryDebreceni VSC
14%
IrelandDrogheda United FC
14%
GibraltarEuropa FC
14%
GibraltarEuropa Point FC
14%
ArmeniaFC Ararat-Armenia
14%
ArmeniaFC Ararat Yerevan
14%
LuxembourgFC Differdange 03
14%
ArmeniaFC Urartu Yerevan
14%
ArmeniaFC Van
14%
PortugalFC Vizela
14%
HungaryFehérvár FC
14%
BelarusFK Gomel
14%
AlbaniaFK Kukësi
14%
RussiaFK Orenburg
14%
AzerbaijanFK Qabala
14%
SerbiaFK TSC Backa Topola
14%
LuxembourgFola Esch
14%
TurkeyGaziantep FK
14%
PortugalGil Vicente
14%
SwedenHammarby IF
14%
TurkeyHatayspor
14%
Faroe IslandsHB Tórshavn
14%
SwedenIF Brommapojkarna
14%
SwedenIF Elfsborg
14%
Faroe IslandsÍF Fuglafjördur
14%
SwedenIK Sirius
14%
TurkeyKasimpasa
14%
AlbaniaKF Skënderbeu Korçë
14%
PolandKorona Kielce
14%
NorwayLillestrøm SK
14%
BulgariaLokomotiv Plovdiv
14%
BelarusNeman Grodno
14%
CroatiaNK Osijek
14%
SloveniaNS Mura
14%
CyprusPafos FC
14%
HungaryPuskás Akadémia FC
14%
PolandRadomiak Radom
14%
PolandRaków Częstochowa
14%
DenmarkRanders FC
14%
NetherlandsRKC Waalwijk
14%
BelgiumRWD Molenbeek
14%
AustriaSC Austria Lustenau
14%
BulgariaSlavia Sofia
14%
San MarinoSP Tre Penne
14%
RussiaUral Yekaterinburg
14%
NorwayVålerenga Fotball Elite
14%
IcelandValur Reykjavík
14%
DenmarkViborg FF
14%
Faroe IslandsVíkingur Gøta
14%
IcelandVíkingur Reykjavík
14%
PolandZaglebie Lubin
14%
UkraineZorya Lugansk
14%
NorwayAalesunds FK
10%
RomaniaACSM Politehnica Iasi
10%
RussiaAkhmat Grozny
10%
ArmeniaAlashkert Yerevan FC
10%
SlovakiaAS Trenčín
10%
Northern IrelandBallymena United FC
10%
RussiaBaltika Kaliningrad
10%
LatviaBFC Daugavpils
10%
MaltaBirkirkara FC
10%
BulgariaBotev Plovdiv
10%
BelarusDynamo Brest
10%
RussiaFakel Voronezh
10%
TurkeyFatih Karagümrük
10%
MoldovaFC Bălți
10%
RomaniaFC Botosani
10%
GeorgiaFC Dila Gori
10%
RomaniaFC Hermannstadt
10%
SloveniaFC Koper
10%
FinlandFC Lahti
10%
SwitzerlandFC Lausanne-Sport
10%
LuxembourgFC UNA Strassen
10%
RomaniaFC Voluntari
10%
Czech RepublicFC Zlin
10%
KazakhstanFK Aktobe
10%
Bosnia and HerzegovinaFK Borac Banja Luka
10%
NorwayFK Haugesund
10%
SerbiaFK IMT Belgrad
10%
Czech RepublicFK Jablonec
10%
Czech RepublicFK Mladá Boleslav
10%
RussiaFK Pari Nizhniy Novgorod
10%
AlbaniaFK Partizani
10%
Czech RepublicFK Teplice
10%
Northern IrelandGlentoran FC
10%
SwitzerlandGrashopper Club Zürich
10%
SwedenHalmstads BK
10%
NorwayHamarkameratene
10%
IsraelHapoel Jerusalem
10%
IcelandHK Kópavogs
10%
SwedenKalmar FF
10%
AlbaniaKF Egnatia
10%
AlbaniaKF Erzeni
10%
AlbaniaKF Teuta
10%
FinlandKuopion Palloseura
10%
BelgiumKVC Westerlo
10%
GreeceLamia FC
10%
DenmarkLyngby BK
10%
SwedenMjällby AIF
10%
HungaryMTK Budapest
10%
SloveniaNK Celje
10%
SloveniaNK Domžale
10%
CroatiaNK Lokomotiva Zagreb
10%
EstoniaNõmme Kalju FC
10%
NorwayOdds BK
10%
KazakhstanOrdabasy Shymkent
10%
GreecePAS Giannina
10%
RomaniaPetrolul Ploiesti
10%
NorwaySarpsborg 08 FF
10%
DenmarkSilkeborg IF
10%
IrelandSligo Rovers
10%
SlovakiaSpartak Trnava
10%
San MarinoSS Cosmos
10%
NorwayStabæk Fotball
10%
PolandStal Mielec
10%
IrelandSt. Patrick's Athletic
10%
IrelandUniversity College Dublin
10%
North MacedoniaVardar
10%
PolandWidzew Lodz
10%
Faroe Islands07 Vestur
5%
San MarinoAC Juvenes-Dogana
5%
San MarinoAC Libertas
5%
North MacedoniaAP Brera Strumica
5%
Faroe IslandsB68 Toftir
5%
WalesBala Town
5%
WalesBarry Town United
5%
IsraelBnei Sakhnin
5%
WalesCaernarfon Town
5%
PortugalCF Estrela Amadora SAD
5%
WalesConnah's Quay Nomads
5%
RomaniaCS Universitatea Craiova
5%
IsraelFC Ashdod
5%
MoldovaFC Dacia Buiucani
5%
San MarinoFC Fiorentino
5%
GeorgiaFC Gagra
5%
LithuaniaFC Hegelmann
5%
FinlandFC Honka
5%
EstoniaFC Kuressaare
5%
ArmeniaFC Noah Yerevan
5%
LuxembourgFC Progrès Niederkorn
5%
GeorgiaFC Saburtalo
5%
GeorgiaFC Samgurali Tskaltubo
5%
GeorgiaFC Samtredia
5%
ArmeniaFC Shirak Gyumri
5%
RomaniaFC U Craiova 1948
5%
MoldovaFC Zimbru Chisinau
5%
IcelandFH
5%
LithuaniaFK Kauno Žalgiris
5%
LatviaFK Liepaja
5%
LatviaFK Metta
5%
MontenegroFK Mladost Donja Gorica
5%
SerbiaFK Mladost Lucani
5%
UkraineFK Oleksandriya
5%
LithuaniaFK Panevėžys
5%
Czech RepublicFK Pardubice
5%
SerbiaFK Radnicki 1923 Kragujevac
5%
SerbiaFK Radnicki Nis
5%
LithuaniaFK Riteriai
5%
AzerbaijanFK Sabail
5%
BelarusFK Slutsk
5%
LithuaniaFK Sūduva
5%
LatviaFK Tukums 2000
5%
Bosnia and HerzegovinaFK Velež Mostar
5%
Bosnia and HerzegovinaFK Željezničar Sarajevo
5%
LatviaFS Jelgava
5%
IcelandFylkir
5%
Northern IrelandGlenavon FC
5%
IsraelHapoel Hadera
5%
EstoniaHarju JK Laagri
5%
MaltaHibernians FC
5%
CroatiaHNK Gorica
5%
Bosnia and HerzegovinaHŠK Zrinjski Mostar
5%
DenmarkHvidovre IF
5%
SwedenIFK Värnamo
5%
LuxembourgJeunesse Esch
5%
EstoniaJK Narva Trans
5%
AzerbaijanKapaz PFK
5%
IcelandKeflavík ÍF
5%
AlbaniaKF Dinamo City
5%
AlbaniaKF Laçi
5%
KosovoKF Liria Prizren
5%
San MarinoLa Fiorita 1967
5%
IsraelMaccabi Netanya
5%
IsraelMaccabi Petah Tikva
5%
Czech RepublicMFK Karviná
5%
SlovakiaMFK Ruzomberok
5%
Northern IrelandNewry City AFC
5%
CroatiaNK Rudeš
5%
CroatiaNK Varaždin
5%
BelgiumOud-Heverlee Leuven
5%
HungaryPaksi FC
5%
GreecePanetolikos GFS
5%
GreecePanserraikos
5%
EstoniaPärnu JK Vaprus
5%
PolandPiast Gliwice
5%
UkrainePolissya Zhytomyr
5%
PolandPuszcza Niepolomice
5%
North MacedoniaRabotnički
5%
LatviaRFS
5%
PolandRuch Chorzow
5%
AzerbaijanSabah FK
5%
TurkeySamsumspor
5%
NorwaySandefjord Fotball
5%
San MarinoSC Faetano
5%
KazakhstanShakther Karagandy
5%
IrelandShelbourne FC
5%
BelgiumSint-Truidense VV
5%
Czech RepublicSK Sigma Olomouc
5%
CroatiaSlaven Belupo Koprivnica
5%
MaltaSliema Wanderers
5%
San MarinoSS Folgore/Falciano
5%
San MarinoSS Murata
5%
San MarinoSS Pennarossa
5%
San MarinoSS San Giovanni
5%
IcelandStjarnan Gardabaer
5%
LuxembourgSwift Hesperange
5%
KazakhstanTobol Kostanay
5%
San MarinoTre Fiori
5%
LatviaValmiera FC
5%
SwedenVarbergs BoiS
5%
UkraineVorskla Poltava
5%
PolandWarta Poznan
5%
AzerbaijanZira FK
5%
Faroe IslandsAB Argir
0%
GreeceAE Kifisias
0%
CyprusAEZ Zakakiou
0%
WalesAlberystwyth Town
0%
AzerbaijanAraz-Naxçıvan PFK
0%
BulgariaArda Kardzhali
0%
AndorraAtlètic Club d'Escaldes
0%
MaltaBalzan FC
0%
BelarusBelshina Bobruisk
0%
BulgariaBeroe Stara Zagora
0%
ArmeniaBKMA Yerevan
0%
BulgariaBotev Vratsa
0%
North MacedoniaBregalnica Stip
0%
Northern IrelandCarrick Rangers FC
0%
AndorraCF Atlètic Amèrica
0%
AndorraCF Esperança d'Andorra
0%
MoldovaCF Spartanii Sportul Selemet
0%
UkraineChornomorets Odessa
0%
Northern IrelandCliftonville FC
0%
AndorraClub Esportiu Carroi
0%
Northern IrelandColeraine FC
0%
GibraltarCollege 1975 FC
0%
WalesColwyn Bay
0%
SlovakiaDAC Dunajska Streda
0%
SwedenDegerfors IF
0%
LithuaniaDFK Dainava
0%
HungaryDiósgyöri VTK
0%
CyprusDoxa Katokopias
0%
Northern IrelandDungannon Swifts FC
0%
Faroe IslandsEB/Streymur
0%
BelarusEnergetik-BGU Minsk
0%
BulgariaEtar Veliko Tarnovo
0%
CyprusEthnikos Achnas
0%
LithuaniaFA Šiauliai
0%
KazakhstanFC Aksu
0%
GibraltarFCB Magpies
0%
San MarinoFC Domagnano
0%
KosovoFC Drita
0%
LithuaniaFC Džiugas Telšiai
0%
KosovoFC Feronikeli 74
0%
MoldovaFC Florești
0%
FinlandFC Haka
0%
Czech RepublicFC Hradec Králové
0%
BelarusFC Isloch
0%
KosovoFC Malisheva
0%
LuxembourgFC Marisca Mersch
0%
MoldovaFC Milsami Orhei
0%
LuxembourgFC Mondercange
0%
AndorraFC Ordino
0%
AndorraFC Pas de la Casa
0%
MoldovaFC Petroclub Hincesti
0%
LuxembourgFC Schifflange 95
0%
BelarusFC Shakhtyor Soligorsk
0%
GeorgiaFC Shukura Kobuleti
0%
RomaniaFC Universitatea Cluj
0%
RomaniaFCV Farul Constanta
0%
SlovakiaFC ViOn Zlaté Moravce
0%
ArmeniaFC West Armenia
0%
LuxembourgFC Wiltz 71
0%
KazakhstanFK Atyrau
0%
LatviaFK Auda
0%
LithuaniaFK Banga Gargždai
0%
MontenegroFK Dečić
0%
Bosnia and HerzegovinaFK Igman Konjic
0%
SerbiaFK Javor-Matis Ivanjica
0%
MontenegroFK Jedinstvo Bijelo Polje
0%
MontenegroFK Jezero
0%
KazakhstanFK Maktaaral
0%
UkraineFK Minaj
0%
MontenegroFK Mornar Bar
0%
SerbiaFK Napredak Krusevac
0%
SerbiaFK Novi Pazar
0%
SerbiaFK Radnik Surdulica
0%
MontenegroFK Rudar Pljevlja
0%
Bosnia and HerzegovinaFK Sloga Meridian
0%
BelarusFK Smorgon
0%
SerbiaFK Spartak Subotica
0%
MontenegroFK Sutjeska Niksic
0%
Bosnia and HerzegovinaFK Tuzla City
0%
SerbiaFK Vozdovac
0%
SlovakiaFK Železiarne Podbrezová
0%
Bosnia and HerzegovinaFK Zvijezda 09
0%
MaltaFloriana FC
0%
IcelandFram
0%
GibraltarGlacis United
0%
North MacedoniaGostivar
0%
MaltaGudja United FC
0%
MaltaGzira United FC
0%
MaltaĦamrun Spartans F.C.
0%
IsraelHapoel Petah Tikva
0%
WalesHaverfordwest County
0%
BulgariaHebar Pazardzhik
0%
Bosnia and HerzegovinaHŠK Posušje
0%
IcelandÍBV Vestmannaeyjar
0%
FinlandIFK Mariehamn
0%
AndorraInter Club d'Escaldes
0%
EstoniaJalgpallikool Tammeka
0%
EstoniaKalev Tallinn
0%
CyprusKarmiotissa Polemidion FC
0%
KazakhstanKaspiy Aktau
0%
KazakhstanKaysar Kyzlylorda
0%
HungaryKecskeméti TE
0%
KosovoKF Dukagjini
0%
KosovoKF Fushë Kosova
0%
KosovoKF Llapi
0%
AlbaniaKF Vllaznia
0%
HungaryKisvárda FC
0%
UkraineKolos Kovalivka
0%
BulgariaKrumovgrad
0%
UkraineKryvbas Kryvyi Rih
0%
FinlandKTP
0%
GibraltarLions Gibraltar FC
0%
UkraineLNZ Cherkasy
0%
BulgariaLokomotiv Sofia
0%
Northern IrelandLoughgall FC
0%
GibraltarLynx FC
0%
IsraelMaccabi Bnei Reineh
0%
North MacedoniaMakedonija Gjorce Petrov
0%
MaltaMarsaxlokk FC
0%
HungaryMezőkövesd Zsóry FC
0%
SlovakiaMFK Dukla Banská Bystrica
0%
SlovakiaMFK Skalica
0%
GibraltarMons Calpe SC
0%
BelarusNaftan Novopolotsk
0%
MaltaNaxxar Lions FC
0%
CyprusNea Salamina Famagusta
0%
WalesNewton AFC
0%
SloveniaNK Aluminij Kidricevo
0%
SloveniaNK Bravo
0%
Bosnia and HerzegovinaNK GOŠK Gabela
0%
CroatiaNK Istra 1961
0%
SloveniaNK Radomlje
0%
SloveniaNK Rogaška
0%
Bosnia and HerzegovinaNK Široki Brijeg
0%
UkraineObolon Kyiv
0%
MontenegroOFK Petrovac
0%
KazakhstanOkzhetpes Kokshetau
0%
CyprusOthellos Athienou
0%
EstoniaPaide Linnameeskond
0%
TurkeyPendikspor
0%
AndorraPenya Encarnada d'Andorra
0%
WalesPenybont FC
0%
BulgariaPirin Blagoevgrad
0%
WalesPontypridd United
0%
KazakhstanQyzyljar Petropavlovsk
0%
LuxembourgRacing FC Union Luxembourg
0%
UkraineRukh Lviv
0%
MaltaSanta Lucia FC
0%
KosovoSC Gjilani
0%
North MacedoniaSchkupi
0%
RomaniaSepsi OSK
0%
North MacedoniaShkëndija
0%
North MacedoniaSileks Kratovo
0%
MaltaSirens FC
0%
FinlandSJK Seinäjoki
0%
Czech RepublicSK Dynamo České Budějovice
0%
LatviaSK Super Nova
0%
BelarusSlavia Mozyr
0%
San MarinoSP Cailungo
0%
GibraltarSt Joseph's FC
0%
NorwayStrømsgodset IF
0%
North MacedoniaStruga Trim-Lum
0%
AzerbaijanSumgayit FK
0%
North MacedoniaTikvesh
0%
AzerbaijanTuran-Tovuz IK
0%
LuxembourgUnion Titus Pétange
0%
LuxembourgUN Käerjeng 97
0%
LuxembourgUS Mondorf-Les-Bains
0%
RomaniaUTA Arad
0%
FinlandVaasan Palloseura
0%
DenmarkVejle Boldklub
0%
UkraineVeres Rivne
0%
North MacedoniaVoska Sport
0%
HungaryZalaegerszegi TE FC
0%
SerbiaZeleznicar Pancevo
0%
SlovakiaZemplin Michalovce
0%
KazakhstanZhetysu Taldykorgan
0%

Score Distribution

Percentile by Number Answered

Percent of People with Each Score

Your Score History

You have not taken this quiz